El paper és car : aprofitem-lo al màxim aprofitem-lo al màxim
Descripción Física:
1 gobelet de cartró plegable ; 12x6x6 cm
Materias:
Paper vell -- Reciclatge
MARC
| LEADER | 00000nam a2200000Ia 4500 | ||
|---|---|---|---|
| 001 | 24371 | ||
| 008 | 160829s9999 xx 000 0 cat d | ||
| 080 | |a NBM-9-15 | ||
| 245 | |a El paper és car : |b aprofitem-lo al màxim | ||
| 260 | |a [Barcelona] : |b Diputació de Barcelona, s.a. | ||
| 300 | |a 1 gobelet de cartró plegable ; |c 12x6x6 cm | ||
| 650 | |a Paper vell |x Reciclatge |9 49674 | ||
| 710 | 1 | |a Barcelona (Catalunya : Província). |b Diputació |9 52408 | |
| 901 | |a Arxiu | ||
| 942 | |n 1 | ||
| 952 | |0 0 |1 0 |4 0 |6 NBM915 |7 1 |9 55528 |a Arxiu |b Arxiu |d 2016-12-01 |l 0 |o NBM-9-15 |p 24371 |r 2016-12-01 00:00:00 |w 2016-12-01 |y ARXIU | ||
| 999 | |c 59401 |d 59401 | ||